Normal view
MARC view
Entry Topical Term
001 - CONTROL NUMBER
- control field: 1393
003 - CONTROL NUMBER IDENTIFIER
- control field: BD-RjUL
005 - DATE AND TIME OF LATEST TRANSACTION
- control field: 20220216111220.0
008 - FIXED-LENGTH DATA ELEMENTS
- fixed length control field: 220216|| aca||aabn | a|a d
040 ## - CATALOGING SOURCE
- Original cataloging agency: BD-RjUL
- Transcribing agency: BD-RjUL
150 ## - HEADING--TOPICAL TERM
- Topical term or geographic name entry element: Socio-environmental
- Form subdivision: Communities
- Geographic subdivision: Rajshahi
670 ## - SOURCE DATA FOUND
- Source citation: Work cat.: (BD-RjUL)79399: Rashid, A. N. M. Md. Bazlur 1392, Socio-environmental Rearrangement of the Riverbank Erosion Displacees in Bangladesh :, 2009